Zdravé kanceláře jako žádaný benefit

Vytvorenie zdravého vnútorného prostredia v kanceláriách ako významná konkurenčná výhoda. Zdravé vnútorné pracovné prostredie ako jeden z benefitov zamestnávateľa. Komplexný prístup k starostlivosti o fyzickú a duševnú pohodu pracovníkov. Faktory ovplyvňujúce kvalitu vnútorného prostredia: kvalita v...

Ausführliche Beschreibung

Gespeichert in:
Bibliographische Detailangaben
1. Verfasser: Kalvoda, Simona
Format: Buchkapitel
Sprache:Tschechisch
Schlagworte:
Tags: Tag hinzufügen
Keine Tags, Fügen Sie das erste Tag hinzu!

MARC

LEADER 00000naa a2200000 4500
001 0240725
005 20180228092136.0
041 0 |a cze 
044 |a CZ 
245 1 0 |a Zdravé kanceláře jako žádaný benefit  |c Simona Kalvoda 
520 |a Vytvorenie zdravého vnútorného prostredia v kanceláriách ako významná konkurenčná výhoda. Zdravé vnútorné pracovné prostredie ako jeden z benefitov zamestnávateľa. Komplexný prístup k starostlivosti o fyzickú a duševnú pohodu pracovníkov. Faktory ovplyvňujúce kvalitu vnútorného prostredia: kvalita vzduchu, tepelná a svetelná kvalita, akustika, ergonómia. Wellbeing - kategória zdravého vnútorného prostredia. 
610 2 0 |a prostredie pracovné 
610 2 0 |a podmienky pracovné 
610 2 0 |a zamestnávatelia 
610 2 0 |a zamestnanci 
610 2 0 |a benefity 
610 2 0 |a motivácia pracovná 
610 2 0 |a svetlo 
610 2 0 |a teplo 
610 2 0 |a vzduch 
610 2 0 |a ergonómia 
610 2 0 |a zdravie 
100 1 |a Kalvoda, Simona